Countries Closest to Poland - Statistics

General Stats
  • This quiz has been taken 21 times
  • The average score is 18 of 19
Answer Stats
km country miles % Correct
204 Austria 127
100%
0 Belarus 0
100%
0 Czech Republic 0
100%
241 Denmark 150
100%
535 Estonia 332
100%
0 Germany 0
100%
225 Hungary 140
100%
254 Latvia 158
100%
0 Russia 0
100%
0 Slovakia 0
100%
0 Lithuania 0
95%
424 Slovenia 263
95%
0 Ukraine 0
95%
528 Sweden 328
89%
359 Switzerland 223
89%
493 Belgium 306
84%
436 Netherlands 271
84%
465 Croatia 289
79%
540 Luxembourg 336
74%
No matching quizzes found
Score Distribution
Percent of People with Each Score
Percentile by Number Answered
Your Score History
You have not taken this quiz